La figura espectral de operadores /
Guardado en:
| Autor Principal: | |
|---|---|
| Otros Autores: | |
| Formato: | Libro |
| Idioma: | Spanish |
| Publicado: |
[Mexico City] :
Universidad Nacional Autónoma de México,
[1986]
|
| Series: | Monografías del Instituto de Matemáticas ;
17 |
| Materias: | |
| Etiquetas: |
Agregar Etiqueta
Sin Etiquetas, Sea el primero en etiquetar este registro!
|
| LEADER | 00823nam a2200229 a 4500 | ||
|---|---|---|---|
| 001 | MAT.inmabb006158 | ||
| 008 | 870728s1986####mx#######b###f000#0#spa## | ||
| 005 | 20130305162325.0 | ||
| 245 | 1 | 3 | |a La figura espectral de operadores / |c Carlos Hernández Garciadiego, Elena de Oteyza de Oteyza. |
| 260 | |a [Mexico City] : |b Universidad Nacional Autónoma de México, |c [1986] | ||
| 300 | |a 126 p. ; |c 23 cm. | ||
| 440 | 0 | |a Monografías del Instituto de Matemáticas ; |v 17 | |
| 504 | |a Bibliografía: p. 125-126. | ||
| 510 | 4 | |a MR, |c 87j:47010 | |
| 100 | 1 | |a Hernández Garciadiego, Carlos. | |
| 700 | 1 | |a Oteyza de Oteyza, Elena de. | |
| 650 | 0 | |a Operator theory. | |
| 650 | 0 | |a Spectral theory (Mathematics) | |
| 084 | |a 47A10 (47A53) |2 msc2000 | ||
| 010 | |a 87403804 | ||
| 040 | |a DLC |c DLC |d DLC | ||
| 859 | |h 47 |i H557 |p A-6983 |b BIB. MATEMATICA | ||
